Wettest Cities in the World With a Population > 4 Million - Statistics

General Stats
  • This quiz has been taken 99 times
  • The average score is 17 of 25
Answer Stats
# Annual Rainfall Continent Answer % Correct
22 1648.2 Asia Bangkok
99%
12 1931 Asia Ho Chi Minh City
95%
15 1816 Asia Jakarta
95%
3 2628 Asia Kuala Lumpur
95%
25 1612 Asia Hanoi
93%
8 2242.7 Asia Manila
93%
10 2113.2 Asia Singapore
92%
11 2084.5 Asia Dhaka
89%
5 2431.2 Asia Hong Kong
86%
6 2368.5 Asia Taipei
86%
16 1813.5 Asia Kolkata
82%
20 1736.1 Asia Guangzhou
81%
9 2213.4 Asia Mumbai
81%
2 2783.3 Asia Yangon
78%
4 2523.7 Asia Colombo
67%
18 1751 Asia Surabaya
67%
21 1712 North America Miami
64%
1 2889.7 Asia Chittagong
63%
14 1838.3 Asia Bandung
59%
7 2263 Asia Medan
48%
17 1752.3 South America Medellin
47%
13 1847.6 Africa Abidjan
40%
23 1617.9 Asia Shantou
20%
19 1742.4 Asia Wenzhou
19%
24 1613.6 Asia Nanchang
7%
No matching quizzes found
Score Distribution
Percent of People with Each Score
Percentile by Number Answered
Your Score History
You have not taken this quiz